000 00675nam a2200193Ia 4500
003 GCL
008 140319s9999 xx 000 0 ara d
040 _aGCL /
_cGCL
082 0 4 _a338.27
_bك ت
100 1 _aكمال حمدان
245 1 0 _aالتطورات النفطية الاقتصادية بعد عام 1973 /
_cكمال حمدان
260 _a[S.N] :
_bمعهد الانتماء العربى ،
_c1976
300 _a79 ص
490 _aالتقارير الاقتصادية - النفط العربى
_v0
650 0 4 _aالبترول
650 0 4 _aالجيولوجيا الاقتصادية
650 0 4 _aالبترول - اقتصاديات
942 _2ddc
_cBK
999 _c30932
_d30932